000 01518nam a2200277 a 4500
001 BRCA_5007
005 20190320204911.0
008 291010s1732----mx-#######---#000-0#spa-#
041 _aspa
044 _amx
084 _aDOC71
_b.D63
_c1732
245 1 0 _aDocumento fechado en 1732.
260 _aMéxico
_c1732
300 _a[32]fojas
_c31 x 21 cm.
500 _aDocumento que contiene varios comprobantes de las partidas destinadas al pago de
_1300.00 pesos, por concepto de gastos en varias festividades religiosas como las de San Felipe, Corpus Christi, San Hipólito, San Gregorio etc. Que se repartían en las vísperas de San Felipe de Jesús entre los señores Juez, Superintendente, Corregidores, Capitulares y Ministros, como propinas.
500 _aContiene sellos con el escudo de la casa de Borbón y el lema: ´SELLO QUARTO. UN QUARTILLO. AÑOS DE MIL SETECIENTOS Y TREINTA Y UNO Y TREINTA Y DOS´.
500 _aEl documento contiene la leyenda DOC. #231.
500 _aPapel con marca de agua.
500 _aEstado de conservación: tienen los margenes en mal estado, manchas de acidez y una gran mancha en la parte superior derecha de la foja 1.
506 0 _aFondo Reservado. Para su consulta es necesario credencial de usuario y carta de motivos.
546 _aTexto en: español de principos del siglo XVIII.
650 1 4 _aFestividades religiosas
_xHistoria
_zMéxico
_912770
651 4 _aMéxico
_vManuscritos
_xHistoria
_yColonia, 1521-1821
_912771
902 _aFDH
942 _2lcc
_cD
999 _c4701
_d4701